| 000 | 01511nam0a2200325 4500 | ||
|---|---|---|---|
| 001 | RU\NLR\bibl\1005361 | ||
| 005 | 20260407091459.0 | ||
| 010 |
_a5-85383-347-2 _91000 |
||
| 021 |
_aRU _b2006-1252и _962и |
||
| 035 | _a(NLR Aleph) 000993024 | ||
| 090 |
_a530828 _c530828 |
||
| 100 | _a20061109d2006 |||y0rusy50 ca | ||
| 101 | 0 |
_arus _aeng |
|
| 102 | _aRU | ||
| 105 | _aa ||||||||| | ||
| 200 | 1 |
_aЕкатеринбург _dEkaterinburg _eфотоальбом _f[Администрация г. Екатеринбурга, Муницип. учреждение "Столица Урала", Консалтинговая группа "АРМ" _gфотоматериалы: Архипова Мария и др.] _zeng |
|
| 210 |
_aЕкатеринбург _cУральский рабочий _d2006 |
||
| 215 |
_a183 с. _cцв. ил. _d30 |
||
| 300 | _aЗагл. обл.: Екатеринбург. Европа. Азия | ||
| 300 | _aТекст парал. на рус. и англ. яз. | ||
| 510 | 1 |
_aEkaterinburg _zeng |
|
| 512 | 1 | _aЕкатеринбург. Европа. Азия | |
| 607 |
_aЕкатеринбург, город _jФотоальбомы _92388468 _3RU\NLR\auth\661424564 |
||
| 686 | _aТ3(2Р-4Св-2Ек)я61 | ||
| 712 | 0 | 2 |
_4570 _a"Столица Урала", муниципальное учреждение _cЕкатеринбург _3RU\NLR\AUTH\8810049122 _9598275 |
| 801 | 0 |
_aRU _bNLR _c20061109 _grcr |
|
| 801 | 1 |
_aRU _bNLR _c20061109 |
|
| 942 | _cBOOK | ||
| 980 | _aNB | ||